Les animaux les plus mortels pour l'homme ? - Statistiques

Statistiques générales
  • Ce quiz a été pris 276 fois
  • Le résultat moyen est 4 sur 10
Statistiques - réponses
Nombre de morts par an Réponse % Correct
1 000 000 Moustiques
94%
50 000 Serpents
84%
25 000 Chiens
73%
3 250 Scorpions
39%
10 000 Mouches tsé-tsé
37%
475 000 Hommes
27%
10 000 Escargots d'eau douce
6%
2 250 Ascaris
3%
10 000 Réduves
3%
2 000 Cestodes
2%
Aucun quiz correspondant
Distribution des résultats
% des personnes avec chaque résultat
Percentile par nombre de réponses
Votre historique - résultats
Vous n’avez pas pris ce quiz